000 00526nam a2200181Ia 4500
005 20250508150744.0
008 008 250505s9999 xx 000 0 eng d
037 _aTextual
040 _aFEDL
_beng
_cFEDL
041 _aeng
_2eng
084 _a371.422, CAS
_qFEDL
100 _aCassidy Rosalind
_9756790
245 0 _aCounseling girls in a changing society
260 _aNew York, USA
_bMcGraw-Hill Book Company
_c1947
300 _axix,441p.
942 _cTEXL
_h371.422, CAS
999 _c1325476
_d1325476